| 000 | 00459nam a2200181 a 4500 | ||
|---|---|---|---|
| 005 | 20140310183148.0 | ||
| 008 | 021129s19uu xx 00 eng d | ||
| 020 | _a0440125510 | ||
| 050 |
_aPZ 7 _b.D795 1984 |
||
| 100 | _aDrumm, D.B. | ||
| 245 |
_aFirst, you fight / _cD. B. Drumm. |
||
| 260 |
_aUSA : _bDell Publishing Inc., _c1984. |
||
| 300 |
_a175 p. : _c18 cm. |
||
| 440 | _aTraveler # 1 | ||
| 650 | _aFiction | ||
| 942 |
_cBK _2lcc |
||
| 999 |
_c19600 _d19600 |
||